000 00581nam a2200217 a 4500
005 20140310183310.0
008 050914s19uu xx 00 eng d
020 _a1-4018-0995-2
050 _aQP 34.5
_b.F66 2004
100 _aScott, Ann Senisi
245 _aBody structures & functions/.
250 _a10th
260 _aAustralia :
_bThomson Delmar Learning,
_c2004.
300 _a495 p. :
_bcol. , ill. ;
_c28 cm.
521 _aNUR
650 _aHuman physiology.
650 _aHuman anatomy.
700 _aFong, Elizabeth
942 _cBK
_2lcc
_kFOR
999 _c21126
_d21126